| 000 | 00484 a2200145 4500 | ||
|---|---|---|---|
| 999 |
_c331942 _d331942 |
||
| 003 | NUST | ||
| 005 | 20171103113843.0 | ||
| 008 | 171103b xxu||||| |||| 00| 0 eng d | ||
| 020 | _a8120402154 | ||
| 040 | _c0 | ||
| 082 | _a628.162 RAO | ||
| 100 |
_aRao, M. N. _95909 |
||
| 245 |
_aWaste Water Treatment/ _cM. N. Rao, A. K. Datta |
||
| 250 | _a2nd ed | ||
| 260 |
_aNew Delhi : _bOxford and IBH Publishing, _c1987 |
||
| 300 |
_aix, 345p. : _bill. ; _c23 cm |
||
| 500 | _aP.B | ||
| 650 |
_aWaste Water _95910 |
||
| 942 |
_2ddc _cBK _kIESE |
||